000 00427nam a2200157Ia 4500
008 240126s9999 xx 000 0 und d
041 _aEnglish
082 _aLIBRARY-XVI
245 0 _aMachine Design (1999 -
260 _bPenton Media Inc
440 _aNULL
520 _aFor On-line : http://www.machinedesign.com
650 _aMachine,(1999,-,Mechanical Engineering
650 _aMechanical Engineering
942 _cJN
999 _c272595
_d272595